[Event "Schwarzach B"]
[Site "?"]
[Date "1997.08.29"]
[Round "7.4"]
[White "Walkner, Karl"]
[Black "Junger, Gerald"]
[Result "1/2-1/2"]
[WhiteElo "1849"]
[BlackElo "1786"]
[PlyCount "106"]
[EventDate "1996.??.??"]

1. e4 c5 2. Nf3 Nc6 3. d4 cxd4 4. Nxd4 Nf6 5. Nc3 e6 6. Nxc6 bxc6 7. Bg5 Qa5 8.
Bxf6 gxf6 9. Qd4 e5 10. Qa4 Qxa4 11. Nxa4 Rb8 12. a3 d5 13. exd5 cxd5 14. O-O-O
d4 15. Bc4 Bd7 16. Bb3 Rg8 17. Rhe1 Be7 18. f4 Bg4 19. Rd2 Kf8 20. Kb1 Bf5 21.
Ka2 Bd6 22. Nc3 Bc7 23. Nd5 Ba5 24. c3 Be6 25. Nb4 Bxb3+ 26. Kxb3 Bxb4 27. axb4
dxc3 28. bxc3 a5 29. fxe5 axb4 30. exf6 bxc3+ 31. Kxc3 Rg6 32. Rf1 Rg5 33. Rf4
Rc5+ 34. Rc4 Ra5 35. Rb2 Ra3+ 36. Kc2 Re8 {} 37. Re4 Rc8+ 38. Kd2 Rd8+ 39. Ke2
Ra6 40. Rf4 Re6+ 41. Kf2 Red6 42. g4 Rd5 43. Kg3 h5 44. Kh4 hxg4 45. Kxg4 Kg8
46. Rb3 Rd2 47. Kh3 R8d3+ 48. Rxd3 Rxd3+ 49. Kg4 Kh7 50. h4 Kg6 51. h5+ Kh6 52.
Re4 Rd6 53. Rf4 Rd5 1/2-1/2

[Event "Schwarzach B"]
[Site "?"]
[Date "1997.08.29"]
[Round "7.5"]
[White "Wingender, Hans Peter"]
[Black "Binder, Franz"]
[Result "1-0"]
[WhiteElo "1894"]
[BlackElo "1645"]
[PlyCount "89"]
[EventDate "1996.??.??"]

1. e4 c6 2. d4 d5 3. exd5 cxd5 4. c4 Nf6 5. Nc3 Nc6 6. Nf3 Bg4 7. cxd5 Nxd5 8.
Qb3 Bxf3 9. gxf3 Nxc3 10. bxc3 Qd7 11. Rb1 e6 12. Qxb7 Rc8 13. Ba6 Rc7 14. Qb3
Be7 15. Rg1 Bf6 16. Ba3 g6 17. Bb5 Be7 18. Bxe7 Kxe7 19. Qa3+ Kf6 20. Qc5 Qd5
21. Qxd5 exd5 22. Kd2 Rhc8 23. Rge1 Na5 24. Ba6 Nc4+ 25. Kd3 Rd8 26. Rb7 Rdd7
27. Rxc7 Rxc7 28. Bxc4 Rxc4 {} 29. Re5 Ra4 30. Rxd5 Rxa2 31. Ke3 a5 32. c4 a4
33. Ra5 Ra1 34. Ke4 a3 35. Kd5 Ra2 36. c5 Rxf2 37. Rxa3 Rb2 38. c6 Rb8 39. c7
Re8 40. Kd6 Re6+ 41. Kd7 Re7+ 42. Kd8 Rxc7 43. Kxc7 Kf5 44. Re3 Kf4 45. Re7 1-0

[Event "Schwarzach B"]
[Site "?"]
[Date "1997.08.29"]
[Round "7.6"]
[White "Graf, Jutta"]
[Black "Becker, Thomas"]
[Result "1-0"]
[WhiteElo "1751"]
[BlackElo "1882"]
[PlyCount "71"]
[EventDate "1996.??.??"]

1. e4 c5 2. f4 Nc6 3. Nf3 d6 4. Nc3 g6 5. Be2 Bg7 6. O-O Nf6 7. d3 O-O 8. a3
Bd7 9. Qe1 Nd4 10. Bd1 Qb6 11. Nxd4 cxd4 12. Ne2 Ng4 13. Rb1 f5 14. exf5 Bxf5
15. Ng3 Ne3 16. Nxf5 Rxf5 17. Bxe3 dxe3 18. Kh1 Raf8 19. g3 e5 20. Bg4 R5f6 21.
Qe2 exf4 22. Rbe1 fxg3 23. Rxf6 Rxf6 24. Bf3 gxh2 25. Kxh2 Bh6 26. Rf1 Bf4+ 27.
Kg2 g5 28. Bd5+ Kg7 29. Qg4 Qd8 30. Rh1 h6 31. Bxb7 Qc7 32. Bd5 Qxc2+ 33. Kh3
Qc7 {} 34. Rc1 Qxc1 35. Qd7+ Kg6 36. Qe8+ 1-0

[Event "Schwarzach B"]
[Site "?"]
[Date "1997.08.29"]
[Round "7.7"]
[White "Kohlbauer, Josef"]
[Black "Loeb, Walter"]
[Result "0-1"]
[WhiteElo "1550"]
[BlackElo "1844"]
[PlyCount "62"]
[EventDate "1996.??.??"]

1. d4 b5 2. Nf3 Nf6 3. Bg5 Bb7 4. e3 a6 5. Nbd2 g6 6. Bxf6 exf6 7. Bd3 Bg7 8.
O-O O-O 9. c3 d6 10. Nb3 c6 11. Nfd2 Nd7 12. Rc1 c5 13. dxc5 dxc5 14. Be4 Bxe4
15. Nxe4 Qe7 16. Qd5 c4 17. Nbc5 Nxc5 18. Nxc5 Rfd8 19. Qc6 Rdc8 20. Qd7 {}
20... Qxc5 21. Rcd1 Ra7 22. Qg4 f5 23. Qf3 Qe5 24. Rd5 Qe4 25. Qd1 Re7 26. Qd2
Rce8 27. Rd1 f4 28. Rd8 fxe3 29. Rxe8+ Rxe8 30. Qxe3 Qxe3 31. fxe3 Bh6 0-1

[Event "Schwarzach B"]
[Site "?"]
[Date "1997.08.29"]
[Round "7.8"]
[White "Schmid, Hans"]
[Black "Zozin, Walter"]
[Result "1-0"]
[WhiteElo "1839"]
[BlackElo "1747"]
[PlyCount "125"]
[EventDate "1996.??.??"]

1. e4 e6 2. d4 d5 3. Nd2 Nd7 4. c3 dxe4 5. Nxe4 Ngf6 6. Bd3 Nxe4 7. Bxe4 Nf6 8.
Bf3 Bd6 9. Ne2 O-O 10. Bg5 Be7 11. O-O Nd5 12. Bxe7 Nxe7 13. Qc2 Rb8 14. Ng3 b6
15. Be4 f5 16. Bd3 Ng6 17. Bc4 b5 18. Bb3 Kh8 19. Rad1 Bb7 20. f3 Bd5 21. Rf2
Rb6 22. Qd2 Rd6 23. Bxd5 Rxd5 24. f4 e5 25. fxe5 Nxe5 26. Rxf5 Rxf5 27. Nxf5
Nf3+ 28. gxf3 Rxf5 29. Qe3 h6 30. Re1 Qd6 31. Re2 Rg5+ 32. Rg2 Rxg2+ 33. Kxg2
Qg6+ 34. Kf2 Qd6 35. f4 Qd5 36. a3 a5 37. Kg3 Qb3 38. Qf2 b4 39. axb4 axb4 40.
Qd2 c6 41. f5 Qd5 42. Qf4 bxc3 43. bxc3 Qc4 44. Qe3 Qb5 {} 45. f6 Qb1 46.
fxg7+ Kxg7 47. Qe7+ Kg8 48. Qe6+ Kg7 49. Qxc6 Qg1+ 50. Qg2 Qe3+ 51. Kh4+ Kh7
52. Qb7+ Kg6 53. Qc6+ Kh7 54. Qc7+ Kh8 55. Qe5+ Qxe5 56. dxe5 Kg8 57. Kg4 Kf7
58. Kf5 h5 59. c4 h4 60. c5 Ke7 61. e6 Ke8 62. Kf6 Kf8 63. c6 1-0

[Event "Schwarzach B"]
[Site "?"]
[Date "1997.08.29"]
[Round "7.10"]
[White "Buchholz, Karl"]
[Black "Ljubic, Franjo sen"]
[Result "1-0"]
[WhiteElo "1800"]
[BlackElo "1643"]
[PlyCount "74"]
[EventDate "1996.??.??"]

1. e4 d6 2. d4 Nf6 3. Nc3 g6 4. Be2 Bg7 5. Be3 O-O 6. Nf3 b6 7. Nd2 c5 8. Bf3
cxd4 9. Bxd4 e5 10. Be3 Nbd7 11. Nc4 Nc5 12. Qxd6 Qxd6 13. Nxd6 Be6 14. Bxc5
bxc5 15. O-O Rfd8 16. Rfd1 Bf8 17. Ndb5 a6 18. Nc7 Rxd1+ 19. Rxd1 Rb8 20. Nxe6
fxe6 21. b3 Kf7 22. Be2 a5 23. f3 Rb7 24. Bb5 Ke7 25. Kf2 Nh5 26. g3 Nf6 27. a4
g5 28. h3 h5 29. g4 h4 30. Nb1 Ng8 31. Na3 Bg7 32. Nc4 Ra7 33. Rd6 Nf6 {} 34.
Ra6 Rb7 35. Nxa5 Rc7 36. Nc6+ Kf7 37. Nd8+ Ke7 1-0

[Event "Schwarzach B"]
[Site "?"]
[Date "1997.08.30"]
[Round "8.1"]
[White "Bundt, Bernhard"]
[Black "Poffers, Adriaan"]
[Result "1/2-1/2"]
[WhiteElo "1840"]
[BlackElo "1844"]
[PlyCount "20"]
[EventDate "1996.??.??"]

1. c4 g6 2. g3 Bg7 3. Bg2 e5 4. Nc3 d6 5. Nf3 f5 6. d3 Nf6 7. O-O O-O 8. Nd5 c6
9. Nxf6+ Bxf6 10. Bh6 Re8 1/2-1/2

[Event "Schwarzach B"]
[Site "?"]
[Date "1997.08.30"]
[Round "8.2"]
[White "Mooslechner, Peter"]
[Black "Philippe, Denis"]
[Result "0-1"]
[WhiteElo "1823"]
[BlackElo "1803"]
[PlyCount "46"]
[EventDate "1996.??.??"]

1. Nf3 d5 2. d4 Nf6 3. e3 Bg4 4. Nbd2 Nbd7 5. Bd3 e6 6. h3 Bh5 7. Be2 Bd6 8. g4
Bg6 9. Nh4 Be4 10. Nxe4 Nxe4 11. Nf3 c6 12. c3 Qe7 13. Qc2 f5 14. Nd2 Rf8 15.
Nxe4 fxe4 16. Bf1 Qh4 17. Rg1 O-O-O 18. b4 Rf7 19. a4 Rdf8 20. Rg2 {} 20...
Rxf2 21. Rxf2 Rxf2 22. Be2 Rg2+ 23. Kd2 Qf2 0-1

[Event "Schwarzach B"]
[Site "?"]
[Date "1997.08.30"]
[Round "8.3"]
[White "Prantl, Peter"]
[Black "Wingender, Hans Peter"]
[Result "1/2-1/2"]
[WhiteElo "1762"]
[BlackElo "1894"]
[PlyCount "60"]
[EventDate "1996.??.??"]

1. d4 Nf6 2. c4 e6 3. Nc3 Bb4 4. e3 b6 5. Nf3 Bb7 6. Be2 O-O 7. O-O Bxc3 8.
bxc3 d6 9. Ne1 Nbd7 10. Bf3 Ne4 11. Bxe4 Bxe4 12. f3 Bb7 13. e4 a5 14. Nd3 Ba6
15. Qa4 d5 16. exd5 exd5 17. Re1 Bxc4 18. Ne5 Nxe5 19. Rxe5 f6 20. Re6 b5 21.
Qc2 Re8 22. Qf5 Qc8 23. Rxe8+ Qxe8 24. Bd2 Qc8 25. Qxc8+ Rxc8 26. a3 c5 27. Re1
Kf7 28. dxc5 Rxc5 29. Be3 Rc8 30. Bb6 a4 1/2-1/2

[Event "Schwarzach B"]
[Site "?"]
[Date "1997.08.30"]
[Round "8.4"]
[White "Hattinger, Walter"]
[Black "Walkner, Karl"]
[Result "0-1"]
[WhiteElo "1715"]
[BlackElo "1849"]
[PlyCount "56"]
[EventDate "1996.??.??"]

1. d4 e6 2. c4 c5 3. d5 exd5 4. Qxd5 Nf6 5. Qe5+ Be7 6. Bg5 Nc6 7. Qe3 O-O 8.
Qc1 d5 9. cxd5 Nxd5 10. Bxe7 Qxe7 11. e3 Bf5 12. a3 Nd4 13. Bc4 Nc2+ 14. Ke2
Nb6 15. Nd2 Nxa1 16. Qxa1 Nxc4 17. Nxc4 Qe4 18. Nd2 Qd3+ 19. Ke1 Rad8 20. Ngf3
Rfe8 21. Qc1 b5 22. h3 a5 23. g4 Be4 24. Rg1 Bd5 25. h4 {} 25... Rxe3+ 26.
fxe3 Qxe3+ 27. Kd1 Bxf3+ 28. Kc2 Qd3# 0-1

[Event "Schwarzach B"]
[Site "?"]
[Date "1997.08.30"]
[Round "8.5"]
[White "Loeb, Walter"]
[Black "Stadlober, Gerold"]
[Result "1/2-1/2"]
[WhiteElo "1844"]
[BlackElo "1829"]
[PlyCount "105"]
[EventDate "1996.??.??"]

1. Nf3 Nf6 2. g3 g6 3. Bg2 d6 4. O-O Bg7 5. Nc3 O-O 6. e4 e5 7. d4 Nbd7 8. Bg5
c6 9. dxe5 dxe5 10. Qe2 Qc7 11. Rfd1 h6 12. Bxf6 Nxf6 13. Rd2 Nh7 14. Rad1 Be6
15. Qe3 b6 16. h3 Rfd8 17. Bf1 Rxd2 18. Rxd2 Bf8 19. a3 Kg7 20. Ne2 Be7 21. Qc3
f6 22. g4 c5 23. Ng3 Rd8 24. Rxd8 Bxd8 25. Bc4 Nf8 26. Qb3 Qd6 27. Bxe6 Nxe6
28. Qd5 Qxd5 29. exd5 Nf4 30. c4 {} 30... Nxh3+ 31. Kf1 Nf4 32. Ne1 Kf7 33.
Ne4 Ke7 34. b4 f5 35. gxf5 gxf5 36. Nc3 cxb4 37. axb4 a6 38. Nc2 Bc7 39. Ne3
Kf6 40. c5 bxc5 41. bxc5 Nd3 42. d6 Bxd6 43. cxd6 Ke6 44. Nxf5 Nc5 45. Nxh6
Kxd6 46. Ke2 a5 47. Nf5+ Ke6 48. Ne3 a4 49. Nc4 Kf5 50. Nb2 a3 51. Nc4 a2 52.
Nxa2 Ne4 53. Ne3+ 1/2-1/2

[Event "Schwarzach B"]
[Site "?"]
[Date "1997.08.30"]
[Round "8.6"]
[White "Graf, Jutta"]
[Black "Schmid, Hans"]
[Result "1-0"]
[WhiteElo "1751"]
[BlackElo "1839"]
[PlyCount "73"]
[EventDate "1996.??.??"]

1. e4 c5 2. f4 e6 3. Nf3 Qc7 4. e5 Nc6 5. Nc3 a6 6. Ne4 d6 7. Nxd6+ Bxd6 8.
exd6 Qxd6 9. Be2 Qxf4 10. d3 Qd6 11. O-O f6 12. Qe1 Nb4 13. Bd1 Ne7 14. Nh4 Bd7
15. Bf4 e5 16. Bd2 Nbc6 17. Qf2 Kd8 18. Be3 b6 19. Bf3 Rb8 20. Be4 Kc7 21. c3
Rbf8 22. b4 f5 {} 23. bxc5 Qe6 24. cxb6+ Kb7 25. Bxc6+ Qxc6 26. c4 Nc8 27. d4
f4 28. d5 Qxc4 29. Bc5 Rf7 30. Rac1 Qxd5 31. Rfd1 Qe6 32. Bd6 Nxd6 33. Rc7+ Kb8
34. Qc5 Nb7 35. Rxb7+ Kxb7 36. Qc7+ Ka8 37. Qa7# 1-0

[Event "Schwarzach B"]
[Site "?"]
[Date "1997.08.30"]
[Round "8.7"]
[White "Fischinger, Wolfgang"]
[Black "Buchholz, Karl"]
[Result "1/2-1/2"]
[WhiteElo "1693"]
[BlackElo "1800"]
[PlyCount "74"]
[EventDate "1996.??.??"]

1. Nf3 Nf6 2. c4 c5 3. Nc3 Nc6 4. d4 e6 5. e4 cxd4 6. Nxd4 d6 7. Be2 Bd7 8. O-O
Be7 9. Be3 a6 10. f4 O-O 11. Qd2 Qc7 12. a4 Na5 13. Qd3 Rac8 14. Rac1 Qxc4 15.
Nd5 exd5 16. Rxc4 dxc4 17. Qc2 d5 18. Bf3 dxe4 19. Bxe4 Bb4 20. Bf5 Bxf5 21.
Nxf5 Nb3 22. Rd1 Rfe8 23. Bf2 Ne4 24. Bb6 Ned2 25. Nd4 Nxd4 26. Bxd4 Re2 27.
Kh1 Rce8 28. Qf5 c3 29. bxc3 Bxc3 30. Qd7 Bxd4 31. h3 Re1+ 32. Rxe1 Rxe1+ 33.
Kh2 Nf1+ 34. Kh1 Ng3+ 35. Kh2 Nf1+ 36. Kh1 Ng3+ 37. Kh2 Nf1+ 1/2-1/2

[Event "Schwarzach B"]
[Site "?"]
[Date "1997.08.30"]
[Round "8.8"]
[White "Bergthaler, Josef"]
[Black "Hasewend, Wolfgang"]
[Result "1-0"]
[WhiteElo "1893"]
[BlackElo "1773"]
[PlyCount "96"]
[EventDate "1996.??.??"]

1. e4 c5 2. Nf3 Nc6 3. d4 cxd4 4. Nxd4 d6 5. Nc3 a6 6. Be3 Nf6 7. Be2 g6 8. Qd2
Bg7 9. f3 Nd7 10. O-O-O Qc7 11. Nd5 Qb8 12. Kb1 Nxd4 13. Bxd4 Bxd4 14. Qxd4 Rg8
15. f4 f6 16. Bc4 Rf8 17. Nb6 Nxb6 18. Qxb6 Qa7 19. Qxa7 Rxa7 20. Rhe1 b5 21.
Bb3 Rc7 22. Rd4 Rc5 23. a4 bxa4 24. Rxa4 Kd8 25. Bd5 a5 26. Re3 Bd7 27. Raa3 e6
28. Bb3 Kc7 29. Rh3 Rh8 30. Ba4 e5 31. Bxd7 Kxd7 32. g3 Kc6 33. Kc1 d5 34.
exd5+ Kxd5 35. fxe5 Kxe5 36. Rh4 Rhc8 37. c3 Rb8 38. Rha4 Rbb5 39. Kc2 Kf5 40.
b3 Re5 41. Rf4+ Ke6 42. Rf2 f5 43. Ra1 h5 44. Rd1 Rbd5 45. Rxd5 Kxd5 46. Kd3
Re1 47. Ra2 Rh1 {} 48. Rxa5+ Ke6 1-0

[Event "Schwarzach B"]
[Site "?"]
[Date "1997.08.30"]
[Round "8.10"]
[White "Junger, Gerald"]
[Black "Reiter, Johann"]
[Result "1-0"]
[WhiteElo "1786"]
[BlackElo "1756"]
[PlyCount "85"]
[EventDate "1996.??.??"]

1. e4 c6 2. d4 g6 3. Be3 Bg7 4. Qd2 d6 5. Nc3 Nd7 6. O-O-O Qc7 7. h4 Ndf6 8. f3
b5 9. g4 h5 10. g5 Nd7 11. f4 Nb6 12. Bd3 e6 13. f5 exf5 14. exf5 gxf5 15. Re1
Ne7 16. Qe2 b4 17. Nd1 Nbd5 18. Nh3 Kd8 19. Nf4 Nxf4 20. Bxf4 Nd5 21. Bd2 Bxd4
22. Bc4 Be6 23. g6 Bf6 24. Rhg1 Be5 25. g7 Rg8 26. Qxh5 Kd7 27. Bh6 Qd8 28. Nf2
Qf6 29. Nd3 Bd4 30. Rg2 a5 31. Rge2 Rae8 32. Bxd5 cxd5 33. Nf4 Bxb2+ 34. Kb1
Bc3 35. Rd1 d4 36. Bg5 Qxg7 37. Qf3 Rb8 38. Nh5 Qg6 39. Nf6+ Kc7 40. Nd5+ Bxd5
41. Qxd5 Kb6 42. a4 {} 42... Qxg5 43. Qxd6+ 1-0

[Event "Schwarzach B"]
[Site "?"]
[Date "1997.08.31"]
[Round "9.1"]
[White "Philippe, Denis"]
[Black "Bundt, Bernhard"]
[Result "0-1"]
[WhiteElo "1803"]
[BlackElo "1840"]
[PlyCount "94"]
[EventDate "1996.??.??"]

1. d4 Nf6 2. c4 c5 3. d5 b5 4. cxb5 a6 5. bxa6 Bxa6 6. Nc3 d6 7. f4 g6 8. Nf3
Bg7 9. e4 Bxf1 10. Rxf1 O-O 11. e5 dxe5 12. fxe5 Ng4 13. Qe2 Nd7 14. e6 Nde5
15. Nxe5 Nxe5 16. Bf4 Qb8 17. Rd1 {} 17... fxe6 18. dxe6 Rxf4 19. Rxf4 Nd3+
20. Rxd3 Qxf4 21. Qd2 Qe5+ 22. Kd1 Qxe6 23. Rd8+ Rxd8 24. Qxd8+ Kf7 25. Qd2 Bd4
26. Qe2 Be3 27. Ke1 Qe5 28. Nd1 Bd4 29. Qxe5 Bxe5 30. h3 Ke6 31. Kd2 Kd5 32. b3
Kd4 33. Nc3 c4 34. Ne2+ Kc5 35. Kc2 Kb4 36. Nc1 cxb3+ 37. axb3 Bd4 38. Kd3 Bb2
39. Ne2 Kxb3 40. Nd4+ Bxd4 41. Kxd4 Kc2 42. Ke5 Kd3 43. Ke6 Ke3 44. Kxe7 Kf2
45. Kf6 Kxg2 46. h4 Kg3 47. Kg5 h5 0-1

[Event "Schwarzach B"]
[Site "?"]
[Date "1997.08.31"]
[Round "9.2"]
[White "Poffers, Adriaan"]
[Black "Graf, Jutta"]
[Result "1-0"]
[WhiteElo "1844"]
[BlackElo "1751"]
[PlyCount "81"]
[EventDate "1996.??.??"]

1. d4 Nf6 2. Bg5 d6 3. Nd2 e6 4. Ngf3 Be7 5. e4 Nbd7 6. c3 O-O 7. Be2 e5 8. O-O
h6 9. Bh4 Nh7 10. Bg3 exd4 11. cxd4 Ndf6 12. Ne1 Ne8 13. Nd3 Bh4 14. Bxh4 Qxh4
15. f4 Qe7 16. Rc1 Nhf6 17. Bf3 Qd7 18. h3 c6 19. Qe2 Nc7 20. Qf2 Ne6 21. f5
Ng5 22. h4 Nxf3+ 23. Qxf3 Nh7 24. Nb3 Qe7 25. g3 Re8 26. e5 dxe5 27. dxe5 Nf8
28. Rce1 Qc7 29. Kh2 Nd7 {} 30. e6 Nf6 31. Nf4 fxe6 32. fxe6 b6 33. Nd4 Bb7
34. Nh5 Rf8 35. e7 Rf7 36. Nxf6+ Rxf6 37. e8=Q+ Rxe8 38. Rxe8+ Kh7 39. Qe4+ Rg6
40. Qe5 Qd7 41. Rff8 1-0

[Event "Schwarzach B"]
[Site "?"]
[Date "1997.08.31"]
[Round "9.3"]
[White "Walkner, Karl"]
[Black "Bergthaler, Josef"]
[Result "1-0"]
[WhiteElo "1849"]
[BlackElo "1893"]
[PlyCount "91"]
[EventDate "1996.??.??"]

1. e4 Nf6 2. e5 Nd5 3. d4 d6 4. Nf3 Bg4 5. c4 Nb6 6. Be2 e6 7. O-O Be7 8. Be3
O-O 9. exd6 cxd6 10. Nc3 Nc6 11. b3 d5 12. c5 Nc8 13. b4 Bxf3 14. Bxf3 a6 15.
Rb1 b5 16. Qd3 N8a7 17. Rfd1 Bg5 18. Qd2 Bxe3 19. Qxe3 Rb8 20. Qf4 Qd7 21. Rb3
a5 22. a3 a4 23. Rb2 Ne7 24. Bg4 Nac6 25. Be2 Ng6 26. Qg4 Na7 27. Bd3 Qc7 28.
g3 Rfd8 29. f4 Ne7 30. Qe2 Qd7 31. Bb1 g6 32. Qf1 Kg7 33. g4 Rh8 34. Rg2 Kf8
35. Qe2 Nec6 36. Qe3 h5 37. h3 hxg4 38. hxg4 Re8 39. Rdd2 Kg7 40. Bd3 Qb7 41.
Rh2 Rxh2 42. Rxh2 Rh8 43. Rxh8 Kxh8 {} 44. f5 exf5 45. Qh6+ Kg8 46. Nxd5 1-0

[Event "Schwarzach B"]
[Site "?"]
[Date "1997.08.31"]
[Round "9.4"]
[White "Wingender, Hans Peter"]
[Black "Junger, Gerald"]
[Result "1-0"]
[WhiteElo "1894"]
[BlackElo "1786"]
[PlyCount "59"]
[EventDate "1996.??.??"]

1. e4 c5 2. Nf3 Nc6 3. d4 cxd4 4. Nxd4 Nf6 5. Nc3 e6 6. Nxc6 bxc6 7. e5 Ng8 8.
Qg4 Qa5 9. Qg3 Ne7 10. Bd3 Ng6 11. Bxg6 hxg6 12. O-O Rh5 13. Re1 Bb7 14. Bf4
Be7 15. Ne4 c5 16. Qd3 Qb6 17. Rad1 Qc6 18. f3 O-O-O 19. Qa3 Qa6 20. Qc3 Qb6
21. Bg3 Kb8 22. Bf2 Qb4 23. Qxb4 cxb4 24. Bc5 Bxc5+ 25. Nxc5 Bc8 26. Rd4 f6 {}
27. Nxe6 dxe6 28. Rxd8 fxe5 29. Re4 a5 30. Rc4 1-0

[Event "Schwarzach B"]
[Site "?"]
[Date "1997.08.31"]
[Round "9.5"]
[White "Buchholz, Karl"]
[Black "Loeb, Walter"]
[Result "0-1"]
[WhiteElo "1800"]
[BlackElo "1844"]
[PlyCount "26"]
[EventDate "1996.??.??"]

1. e4 c6 2. d4 d5 3. Nc3 g6 4. Nf3 Bg7 5. exd5 cxd5 6. Bf4 Nf6 7. Bb5+ Nbd7 8.
O-O O-O 9. Qe2 e6 10. Rfe1 Re8 11. Ba4 a6 12. Bb3 b5 {} 13. Nxd5 exd5 0-1

[Event "Schwarzach B"]
[Site "?"]
[Date "1997.08.31"]
[Round "9.6"]
[White "Stadlober, Gerold"]
[Black "Mooslechner, Peter"]
[Result "1/2-1/2"]
[WhiteElo "1829"]
[BlackElo "1823"]
[PlyCount "93"]
[EventDate "1996.??.??"]

1. e4 d5 2. exd5 Nf6 3. d4 Nxd5 4. c4 Nb6 5. Nc3 g6 6. Be3 Bg7 7. Rc1 O-O 8.
Be2 Nc6 9. d5 Nb8 10. Nf3 c6 11. O-O cxd5 12. c5 Nc4 13. Nxd5 Nxe3 14. Nxe3
Bxb2 15. Rc2 Bg7 16. Rd2 Qa5 17. Nd5 Nc6 18. Qc2 Be6 19. Ne3 Rfd8 20. Rfd1 Rxd2
21. Rxd2 Rd8 22. Rxd8+ Qxd8 23. Qa4 Bd4 24. Nxd4 Qxd4 25. Qb5 Qa1+ 26. Bf1 Qc3
27. Qxb7 Qxc5 28. Qb2 a5 29. a3 Nd4 30. Qb8+ Kg7 31. Qb2 Qe5 32. Qb7 Nf5 33.
Nxf5+ Bxf5 34. Qb3 Be6 35. Qc2 Qa1 36. Qd3 Bf5 37. Qb3 a4 38. Qf3 Be6 39. Qd3
Bb3 40. h3 Qxa3 41. Qd4+ f6 42. Bb5 Qd6 43. Qc3 Bd1 44. Bd3 a3 45. Bb1 Ba4 46.
Ba2 Be8 47. Qb3 {} 1/2-1/2

[Event "Schwarzach B"]
[Site "?"]
[Date "1997.08.31"]
[Round "9.7"]
[White "Becker, Thomas"]
[Black "Prantl, Peter"]
[Result "1/2-1/2"]
[WhiteElo "1882"]
[BlackElo "1762"]
[PlyCount "76"]
[EventDate "1996.??.??"]

1. e4 c5 2. Nf3 d6 3. d4 cxd4 4. Nxd4 Nf6 5. Nc3 g6 6. Be3 Bg7 7. f3 O-O 8. Qd2
Nc6 9. Bc4 Bd7 10. O-O-O Rc8 11. Bb3 Ne5 12. h4 Nc4 13. Bxc4 Rxc4 14. h5 Nxh5
15. Nde2 Qa5 16. g4 Ng3 17. Nxg3 Rxc3 18. Bd4 Bxd4 19. Qxd4 Rxf3 20. Rxh7 f6
21. Rxe7 Qxa2 22. Rxd7 Rxg3 23. Qxd6 Rxg4 24. Qc7 Rh4 25. Rg7+ Kh8 26. Rxg6 Rh7
27. Qd6 Qa1+ 28. Kd2 Qa5+ 29. Ke3 Rh3+ 30. Kf4 Kh7 31. Qe7+ Kxg6 32. Rg1+ Qg5+
33. Rxg5+ fxg5+ 34. Kg4 Rh4+ 35. Kg3 Rhf4 36. e5 Rf3+ 37. Kg2 Rf2+ 38. Kg3 R8f4
1/2-1/2

[Event "Schwarzach B"]
[Site "?"]
[Date "1997.08.31"]
[Round "9.8"]
[White "Schmid, Hans"]
[Black "Fischinger, Wolfgang"]
[Result "1-0"]
[WhiteElo "1839"]
[BlackElo "1693"]
[PlyCount "93"]
[EventDate "1996.??.??"]

1. e4 c5 2. Nf3 d6 3. d4 cxd4 4. Nxd4 Nf6 5. Nc3 a6 6. Be2 Nc6 7. O-O g6 8. Bf3
Bg7 9. Nxc6 bxc6 10. e5 Nd7 11. exd6 Ne5 12. dxe7 Qxd1 13. Bxd1 Kxe7 14. Be3
Rd8 15. Bc5+ Ke8 16. Re1 Be6 17. Ne4 Rd7 18. Nd6+ Kd8 19. f4 Rb8 {} 20. fxe5
Rxb2 21. Ba3 Rb8 22. Bf3 Kc7 23. c4 f5 24. Bc1 h6 25. c5 Rdd8 26. a4 Rb3 27.
Bd2 Rdb8 28. Ba5+ Kd7 29. Rad1 Ke7 30. Bxc6 Rb2 31. Bc7 R8b4 32. a5 Rc2 33. Bb6
Rbb2 34. Nb7 Rd2 35. Rxd2 Rxd2 36. Bc7 Kf7 37. Bd6 Kg8 38. Nd8 Ba2 39. Be8 Kh7
40. Bf7 Bxf7 41. Nxf7 Kg8 42. Nd8 g5 43. Nc6 Kf7 44. e6+ Ke8 45. Nb8 Bd4+ 46.
Kh1 f4 47. Nxa6 1-0

[Event "Schwarzach B"]
[Site "?"]
[Date "1997.08.31"]
[Round "9.9"]
[White "Reck, Bruno"]
[Black "Tiroch, Rudolf"]
[Result "1-0"]
[WhiteElo "1806"]
[BlackElo "1296"]
[PlyCount "83"]
[EventDate "1996.??.??"]

1. e4 e5 2. Nf3 Nf6 3. Nc3 Bc5 4. Be2 Nc6 5. O-O d5 6. exd5 Nd4 7. d3 Qe7 8.
Bg5 h6 9. Bh4 g5 10. Bg3 Nxf3+ 11. Bxf3 g4 {} 12. Bxe5 Kf8 13. Bxf6 Qxf6 14.
Bxg4 Rg8 15. Bxc8 Rxc8 16. Ne4 Qb6 17. Nxc5 Qxc5 18. c4 Qd4 19. Qd2 Rg6 20. h3
Qh4 21. Kh2 Kg8 22. Rae1 Kh7 23. Re4 Qf6 24. d4 h5 25. Qf4 Qg7 26. Qf5 Rg8 27.
Qxh5+ Rh6 28. Qf5+ Kh8 29. Rg1 f6 30. g4 c6 31. Rge1 cxd5 32. Re7 Qxg4 33. Qxg4
Rxg4 34. Rxb7 Rg8 35. cxd5 Rhg6 36. Rf1 f5 37. Rf7 Rg2+ 38. Kh1 R2g5 39. d6 Rh5
40. Kh2 Rg6 41. d7 Rg8 42. Rg1 1-0

[Event "Schwarzach B"]
[Site "?"]
[Date "1997.08.31"]
[Round "9.10"]
[White "Kinzlinger, Georg"]
[Black "Stefanovic, Dragan"]
[Result "1-0"]
[WhiteElo "1720"]
[BlackElo "1790"]
[PlyCount "71"]
[EventDate "1996.??.??"]

1. e4 d5 2. exd5 Qxd5 3. Nc3 Qa5 4. d4 Nf6 5. Nf3 Bf5 6. Bc4 e6 7. O-O c6 8.
Ne5 Nbd7 9. Nxd7 Nxd7 10. Re1 Bd6 11. d5 cxd5 12. Bxd5 O-O 13. Bxb7 Bxh2+ 14.
Kxh2 Qc7+ 15. Kg1 Qxb7 16. Qe2 Rac8 17. Ne4 Qc7 18. c3 h6 19. Ng3 Bg6 20. Be3
e5 21. Rad1 Rfe8 22. Bc1 Nb6 23. Qg4 Kh7 24. Nf5 Re6 25. Re3 Rf6 26. Nh4 Re8
27. Nxg6 fxg6 28. Rh3 Ref8 29. Qh4 Kg8 30. Be3 Nc4 31. Rf1 Nxe3 32. Rxe3 Qa5
33. Qe4 Rf5 34. c4 Kh7 35. a3 Rc8 36. Rc3 {
Die Partie konnte nicht mehr rekonstruiert werden!} 1-0